Vasilhas do Felgar, objectos úteis : exposição (Registo nº 199673)

Detalhes MARC
000 -Etiqueta do registo
Valores 00670nam 22001933 4500
010 ## - Número ISBN
ISBN 972-9138-21-4
100 ## - Dados gerais de processamento
Dados gerais 20251222d u||y0pory50 ba
200 ## - Titulo e menção de responsabilidade
Título próprio Vasilhas do Felgar, objectos úteis : exposição
Primeira menção de responsabilidade Câmara Municipal de Barcelos
210 ## - Publicação
Local de publicação Barcelos
Nome do editor Câmara Municipal de Barcelos
Data de publicação 1990
215 ## - Descrição física 
Paginação / Volumes 23, [5] p.
Outras indicações físicas il. ; brochado
Dimensões 24 cm
225 ## - Colecção 
Título próprio da colecção Museu Aberto
Número de parte ou secção 1
606 ## - Nome comum usado como assunto
ID Autoridade 2051
Palavra de ordem Antropologia Cultural. Etnologia. Etnografia. Usos e Costumes. Tradições. Modo de vida. Folclore
675 ## - CDU
Notação 39
Edição PT
Língua por
710 ## - Autor principal (colectividade)
ID Autoridade 15475
Nome da entidade Câmara Municipal de Barcelos
801 ## - Fonte de origem
País PT
Agência BMMN
Regras de catalogação RPC
830 ## - Notas gerais do catalogador
Criado por Vanda
990 ## - Elementos KOHA
Tipo de documento Livro
Exemplares
Situação do levantamento Biblioteca de origem Código de barras Cota Permissão de empréstimo Tipo de documento Forma de aquisição
  Biblioteca Municipal de Montemor-o-Novo 28612 39 VAS|DEP   Livro Oferta

Powered by Koha